| 000 | 00384nam a22001577a 4500 | ||
|---|---|---|---|
| 003 | SGT | ||
| 020 | _a978-81-7515-515-2 | ||
| 082 |
_a004 _bBAS |
||
| 100 | _aBASANDRA,SURESH.K. | ||
| 245 | _aCOMPUTER SCIENCE QUESTION BANK | ||
| 250 | _a5TH | ||
| 260 |
_aNEW DELHI _bGALGOTIA PUBLICATIONS _c2015 |
||
| 300 | _aAPP.B.86 | ||
| 650 | _aCOMPUTER SCIENCE ENGINEERING | ||
| 942 |
_2ddc _cBK _01 |
||
| 999 |
_c14751 _d14751 |
||